000 00299nam a22001337a 4500
008 170922b xxu||||| |||| 00| 0 eng d
020 _a0137292112
041 _aeng
080 _22ND
_a37
100 _a46
101 _aEDU
245 _aPROGRAMED SPELLING DEMONS
_cFEINSTEIN,G.W
942 _2udc
_cBK
999 _c29198
_d29198